000 00486nam a2200181Ia 4500
005 20250923144423.0
008 008 250917s9999 xx 000 0 eng d
037 _aTextual
040 _aDSWL
_beng
_cDSWL
041 _aeng
_2eng
084 _aN1:1, H6
_qDSWL
100 _aFayazuddin, M
_9824738
245 0 _aHousing and planning for India
_cby M Fayazuddin
260 _c1946
300 _a23 p.
942 _cTEXL
_hN1:1, H6
999 _c1438636
_d1438636